Социально-ориентированная экономика: содержание, механизмы функционирования, перспективы развития

Detalhes bibliográficos
Autor principal: Мальцев Д. Б. Дмитрий Борисович
Autor Corporativo: Национальный исследовательский Томский государственный университет (ТГУ)
Outros Autores: Рощина И. В. Ирина Викторовна, Щадилов Г. А. Гавриил Александрович
Resumo:Исследуются существующие модели социального государства и социально-ориентированной экономики как сложной многоуровневой системы. В качестве перспективы развития социально-ориентированной экономики, в условиях «новой экономики», рассматриваются две формы: социальная экономика и экономика индивидуумов. Значительное внимание уделено изменению роли и функций государства, а также всех субъектов социально-экономических отношений в условиях социально-ориентированной экономики. Содержится аргументированное обоснование необходимости формирования социальной ответственности всех субъектов экономики и общества. При этом социальная ответственность должна рассматриваться не как разовое, эпизодическое поведение, а как многоуровневая система максимально приближенная и соответствующая уровню развития социально-ориентированной экономики. Для исследователей и экспертов в области развития социально-ориентированной экономики, специалистов в сфере государственного управления, научных работников, преподавателей, докторантов, аспирантов и студентов экономических специальностей.
Idioma:russo
Publicado em: Томск, ТМЛ-Пресс, 2013
Assuntos:
Formato: MixedMaterials Livro
KOHA link:https://koha.lib.tpu.ru/cgi-bin/koha/opac-detail.pl?biblionumber=246924

MARC

LEADER 00000nam0a2200000 4500
001 246924
005 20231101232243.0
010 |a 9785913021502 
035 |a (RuTPU)RU\TPU\book\268391 
090 |a 246924 
100 |a 20131212dУ011 k y0rusy50020304ca 
101 0 |a rus 
102 |a RU 
105 |a a z 001zy 
200 1 |a Социально-ориентированная экономика: содержание, механизмы функционирования, перспективы развития  |f Д. Б. Мальцев, И. В. Рощина, Г. А. Щадилов  |g Национальный исследовательский Томский государственный университет (ТГУ) 
210 |a Томск  |c ТМЛ-Пресс  |d 2013 
215 |a 180 с.  |c ил. 
320 |a Библиогр.: с. 174-179. 
330 |a Исследуются существующие модели социального государства и социально-ориентированной экономики как сложной многоуровневой системы. В качестве перспективы развития социально-ориентированной экономики, в условиях «новой экономики», рассматриваются две формы: социальная экономика и экономика индивидуумов. Значительное внимание уделено изменению роли и функций государства, а также всех субъектов социально-экономических отношений в условиях социально-ориентированной экономики. Содержится аргументированное обоснование необходимости формирования социальной ответственности всех субъектов экономики и общества. При этом социальная ответственность должна рассматриваться не как разовое, эпизодическое поведение, а как многоуровневая система максимально приближенная и соответствующая уровню развития социально-ориентированной экономики. Для исследователей и экспертов в области развития социально-ориентированной экономики, специалистов в сфере государственного управления, научных работников, преподавателей, докторантов, аспирантов и студентов экономических специальностей. 
606 1 |a Экономическая теория  |2 stltpush  |3 (RuTPU)RU\TPU\subj\26589  |9 50481 
610 1 |a экономические модели 
610 1 |a социально-ориентированная рыночная экономика 
610 1 |a социальное государство 
610 1 |a новая экономика 
610 1 |a воспроизводство 
610 1 |a государственное управление 
610 1 |a социальная ответственность 
686 |a У011  |v LBC/SL-A  |2 rubbk 
700 1 |a Мальцев  |b Д. Б.  |g Дмитрий Борисович 
701 1 |a Рощина  |b И. В.  |g Ирина Викторовна 
701 1 |a Щадилов  |b Г. А.  |g Гавриил Александрович 
712 0 2 |a Национальный исследовательский Томский государственный университет (ТГУ)  |c (2009- )  |2 stltpush  |3 (RuTPU)RU\TPU\col\17230 
801 1 |a RU  |b 63413507  |c 20131212 
801 2 |a RU  |b 63413507  |c 20131219  |g RCR 
942 |c BK